| 000 | 00521pab a2200181 454500 | ||
|---|---|---|---|
| 008 | 180718b2001 xxu||||| |||| 00| 0 eng d | ||
| 100 | _aFeridhanusetyawan, Tubagus | ||
| 245 | _aAPEC labour markets: structural change and the Asian financial crisis | ||
| 260 | _c2001 | ||
| 300 | _ap.491-532 | ||
| 650 | _aEconomic recession - Asia | ||
| 650 | _aLabour market - Asia | ||
| 650 | _aLabour market | ||
| 700 | _aToner, Phillip | ||
| 700 | _aStahl, Charles | ||
| 773 | _aJournal of Contemporary Asia | ||
| 909 | _a50425 | ||
| 999 |
_c50425 _d50425 |
||